Procesos especiales : doctrina. Jurisprudencia. Modelos /

Guardado en:
Autor Principal: De Santo, Víctor.
Formato: Libro
Idioma:Undetermined
Publicado: Buenos Aires : Universidad, 2004.
Edición:1a. ed.
Materias:
Etiquetas: Agregar Etiqueta
Sin Etiquetas, Sea el primero en etiquetar este registro!
LEADER 00783nam a22001695a 4500
001 DER.der014121
008 190919s2004####ag############000#0#und#d
005 20250825113824.0
245 1 0 |a Procesos especiales :  |b doctrina. Jurisprudencia. Modelos /  |c Víctor De Santo. 
250 |a 1a. ed. 
260 |a Buenos Aires :  |b Universidad,  |c 2004. 
300 |a 493 p. 
500 |a Interdictos y acciones posesorias. Denuncia de daño temido. Reparaciones urgentes. Incapacidades por demencia y sordomudez. Inhabilitación. Alimentos y litisexpensas. Rendición de cuentas. Mensura y deslinde. División de cosas comunes. Desalojo. Proceso sucesorio. Arbitraje. 
020 |a 9506793417 
100 1 |a De Santo, Víctor. 
650 7 |a DERECHO PROCESAL CIVIL 
859 |a DERECHO  |b BIB. DERECHO  |h 347.05  |i DES  |p 009358